| 000 | 00340nam a2200109Ia 4500 | ||
|---|---|---|---|
| 008 | 171204s9999 xx 000 0 und d | ||
| 245 | _aEducating Film-Makers: Past, Present and Future: | ||
| 245 | _cDuncan Petrie and Rod Stoneman | ||
| 260 | _c2014 | ||
| 650 | _xINTRODUCTION TO FILM | ||
| 856 | _uhttp://down.ebook777.com/048/1783201851.pdf | ||
| 999 |
_c346102 _d346102 |
||